000 00421nam a22001577a 4500
005 20170428164114.0
008 170428b xxu||||| |||| 00| 0 eng d
022 _a0972-5520
040 _aDBAD/PUB
245 _aCBRI Newasletter
260 _aUttarakhand
_bCSIR-CBRI
300 _av.
_c24cm
310 _aQuarterly
270 _aRoorkee,
_bUttarakhand
_dIndia
_e247667
_mdirector@cbrimail.com
942 _2ddc
_cSR
_mCBR
_s1
999 _c139368
_d139368